| 000 | 00681nam a22001697a 4500 | ||
|---|---|---|---|
| 999 |
_c176397 _d176397 |
||
| 005 | 20201217161507.0 | ||
| 010 | _aENG-128699 | ||
| 020 |
_a978-93-534-3781-7 _c375.00 |
||
| 035 | _aEN-112231 | ||
| 037 | _bDBAD/PUB | ||
| 082 | _a510.2462 | ||
| 245 | _aGATE Topic-wise Previous Years Solved Question Papers: Engineering Mathematics 2020 | ||
| 260 |
_aUttar Pradesh _bPearson India Education Services Pvt. Ltd. _c2020 |
||
| 270 |
_bUttar Pradesh _e201301 _a15th Floor, Tower-B, World Trade Tower, Plot No.- 1, Block-C, Sector-16, Noida _mcompanysecretary.india@pearson.com _k044-66540100 |
||
| 300 |
_avarious pages. _c25cm(pbk) |
||
| 942 |
_2ddc _cEN _h510.2462 _mGAT |
||